Cyclisme : Top 20 d’Eschborn-Francfort 2025 - Statistiques

Statistiques générales
  • Ce quiz a été pris 16 fois
  • Le résultat moyen est 4 sur 20
Statistiques - réponses
Position Equipe Coureur % Correct
1er Jayco AlUla Michael Matthews
86%
4eme EF Education Easypost Neilson Powless
79%
2eme Uno-X Mobility Magnus Cort Nielsen
57%
18eme Cofidis Alex Aranburu
36%
8eme Tudor Pro Cycling Team Marc Hirschi
29%
10eme Team Picnic PostNL Warren Barguil
21%
6eme Lidl Trek Albert Withen Philipsen
14%
11eme UAE Team Emirates Alessandro Covi
14%
19eme Alpecin Deceuninck Xandro Meurisse
14%
14eme Q36.5 Pro Cycling Team Fabio Christen
7%
5eme Red Bull Bora Hansgrohe Frederik Wandahl
7%
13eme Israël Premier Tech Hugo Houle
7%
3eme Movistar Team Jon Barrenetxea
7%
20eme Q36.5 Pro Cycling Team David De La Cruz
0%
12eme Bahrain Victorious Edoardo Zambanini
0%
16eme Cofidis Jonathan Lastra
0%
9eme Red Bull Bora Hansgrohe Nico Denz
0%
15eme Movistar Team Ruben Guerreiro
0%
17eme XDS Astana Team Simone Velasco
0%
7eme Cofidis Stefano Oldani
0%
Aucun quiz correspondant
Distribution des résultats
% des personnes avec chaque résultat
Percentile par nombre de réponses
Votre historique - résultats
Vous n’avez pas pris ce quiz